Linnanmäen laitteet - Statistics

Yleistilastot
  • Tätä visaa on pelattu 97 kertaa
  • Keskiarvotulos 22 / 41
Vastaustilastot
Pituusraja Laite % Oikein
140-195 cm Taiga
88%
Yli 140 cm Vuoristorata
88%
140-200 cm Ukko
86%
130-195 cm Kingi
82%
140-195 cm Raketti
79%
Yli 120 cm Mustekala
76%
140-195 cm Salama
75%
Yli 140 cm Tulireki
74%
140-195 cm Kirnu
72%
120-195 cm Linnunrata eXtra
72%
Yli 130 cm Rinkeli
66%
140-195 cm Magia
64%
Yli 130 cm Pikajuna
64%
Yli 120 cm Viikinkilaiva
64%
Yli 130 cm Lohikäärme
63%
140-195 cm Kehrä
62%
Yli 100 cm Kuuputin
59%
Yli 100 cm Maisemajuna
59%
Yli 100 cm Karuselli
57%
Yli 120 cm Ketjukaruselli
57%
Yli 120 cm Hiphop
54%
Yli 130 cm Autorata
51%
Yli 140 cm Hurjakuru
51%
Yli 120 cm Hypytin
51%
Yli 120 cm Kammokuja
49%
Yli 100 cm Hepparata
45%
Yli 100 cm Panoraama
45%
Yli 120 cm Pellen Talo
45%
Yli 120 cm Kyöpelinvuoren Hotelli
43%
Yli 100 cm Rekkaralli
41%
Yli 120 cm Poppis
39%
Yli 120 cm Taikasirkus
39%
100-140 cm Merirosvolaiva
38%
Yli 120 cm Helikopteri
36%
Yli 120 cm Kahvikuppikaruselli
36%
Yli 100 cm Vankkuripyörä
33%
Yli 100 cm Rumpukaruselli
30%
Yli 140 cm Pilotti
26%
Alle 140 cm Muksupuksu
25%
Yli 120 cm Propelli
24%
Alle 140 cm Pienoiskaruselli
16%
Ehtoja vastaavia visoja ei löytynyt
Tulosjakauma
Jokaisen tuloksen saaneiden osuus
Persentiili vastausten määrän mukaan
Tuloshistoriasi
Et ole pelannut tätä visaa